| 000 | 01233nam a2200301Ia 4500 | ||
|---|---|---|---|
| 001 | ebr10331315 | ||
| 003 | CaPaEBR | ||
| 006 | m u | ||
| 007 | cr cn||||||||| | ||
| 008 | 850128s1985 mau sb 001 0 eng d | ||
| 020 | _z9780674961913 | ||
| 020 | _z0674961900 | ||
| 020 | _z0674961919 (pbk.) | ||
| 040 |
_aCaPaEBR _cCaPaEBR |
||
| 035 | _a(OCoLC)70781654 | ||
| 050 | 1 | 4 |
_aB126 _b.S345 1985eb |
| 100 | 1 |
_aSchwartz, Benjamin I. _q(Benjamin Isadore), _d1916-1999. |
|
| 245 | 1 | 4 |
_aThe world of thought in ancient China _h[electronic resource] / _cBenjamin I. Schwartz. |
| 260 |
_aCambridge, MA : _bBelknap Press of Harvard University Press, _c1985. |
||
| 300 | _a490 p. | ||
| 504 | _aIncludes bibliographical references (p. [461]-468) and index. | ||
| 533 |
_aElectronic reproduction. _bPalo Alto, Calif. : _cebrary, _d2009. _nAvailable via World Wide Web. _nAccess may be limited to ebrary affiliated libraries. |
||
| 650 | 0 |
_aPhilosophy, Chinese _yTo 221 B.C. |
|
| 651 | 0 |
_aChina _xIntellectual life _yTo 221 B.C. |
|
| 655 | 7 |
_aElectronic books. _2local |
|
| 710 | 2 | _aebrary, Inc. | |
| 856 | 4 | 0 |
_uhttp://site.ebrary.com/lib/rucke/Doc?id=10331315 _zAn electronic book accessible through the World Wide Web; click to view |
| 999 |
_c51272 _d51272 |
||